01685nam a2200385Ia 4500001001200000003000800012006001900020007001500039008004100054010001700095020003100112040002100143035002100164050002300185082001800208245009400226260004200320300001500362490005900377504005100436533015200487650006100639650006100700650003200761650006600793650006600859651005200925651005200977655002901029700002101058710001701079830006001096856012601156999001701282ebr10308351CaPaEBRm u cr cn|||||||||080716s2009 mau sb 001 0 eng d z 2008031715 z9780631233558 (alk. paper) aCaPaEBRcCaPaEBR a(OCoLC)64781072114aPR447b.C59 2009eb04a820.9/00722202aA concise companion to the Romantic ageh[electronic resource] /cedited by Jon Klancher. aMalden, MA :bWiley-Blackwell,c2009. axi, 300 p.1 aBlackwell concise companions to literature and culture aIncludes bibliographical references and index. aElectronic reproduction.bPalo Alto, Calif. :cebrary,d2011.nAvailable via World Wide Web.nAccess may be limited to ebrary affiliated libraries. 0aEnglish literaturey18th centuryxHistory and criticism. 0aEnglish literaturey19th centuryxHistory and criticism. 0aRomanticismzGreat Britain. 0aLiterature and societyzGreat BritainxHistoryy18th century. 0aLiterature and societyzGreat BritainxHistoryy19th century. 0aGreat BritainxIntellectual lifey18th century. 0aGreat BritainxIntellectual lifey19th century. 7aElectronic books.2local1 aKlancher, Jon P.2 aebrary, Inc. 0aBlackwell concise companions to literature and culture.40uhttp://site.ebrary.com/lib/rucke/Doc?id=10308351zAn electronic book accessible through the World Wide Web; click to view c61522d61522